000 00553nam a22001937a 4500
003 Ost
005 20220530113313.0
008 220528b |||||||| |||| 00| 0 eng d
020 _aNA
040 _cBT-PhCST
050 _aGD00128
082 _222
_aA1.8
_bSC
086 _aA1.8
100 _aSherubtse College.
245 _aSherubtse College :
_bundergraduate prospectus July 2018 - June 2019 /
260 _aKanglung, Bhutan :
_bSherubtse College,
_c2019.
300 _a68 p. :
_bill. (col. pages and photographs) ;
_c30 cm.
942 _2ddc
_cGOVT. DOC.
999 _c8465
_d8465